000 00533nam a2200205Ia 4500
003 OSt
005 20230424104655.0
008 210423s2001 xx 000 0 und d
040 _cAL
041 _aeng
082 _a574.1925 PRIN
100 _aPRICE (Nicholas C);STEVENS (Lewis).
_991898
245 _aFundamentals of enzymology.
260 _aOxford
_bOxford University Press
_c2001
300 _axviii,478,8
365 _b2387
_cINR
650 _aEnzymes
_991899
906 _aenzymology. ; Fundamentals
942 _2ddc
_cBK
999 _c162527
_d162527